000 00417pab a2200145 454500
008 180718b2004 xxu||||| |||| 00| 0 eng d
100 _aYong, Ken
245 _aGlobalisation and the changing management of migrating service workers in the Asia Pacific
260 _c2004
300 _ap.287-303.
650 _aMigrant workers
650 _aGlobalization
773 _aJournal of Contemporary Asia
909 _a62769
999 _c62769
_d62769